| 000 | 00491nam a22001577a 4500 | ||
|---|---|---|---|
| 003 | NUST | ||
| 038 | _abaig | ||
| 082 | _a200 THE | ||
| 100 |
_aAyesha Sadiq _973278 |
||
| 110 |
_aSupervisor Dr. Sajid Gul Khawaja _984181 |
||
| 245 | _aTH-SOF-1837-Machine Learning and Signal Processing Based Analysis of EMG Signals for Daily Action Classification | ||
| 260 |
_aISLAMABAD: _bNUST College of EME, _c2020. |
||
| 563 | _ahb | ||
| 650 |
_aMS-COMPUTER ENGINEERING-2018 _973279 |
||
| 942 |
_cCF _2ddc |
||
| 999 |
_c579078 _d579078 |
||